Circuit Analysis:Theory and problems in / (Record no. 162884)
[ view plain ]
| 000 -LEADER | |
|---|---|
| fixed length control field | 00555nam a22001817a 4500 |
| 005 - DATE AND TIME OF LATEST TRANSACTION | |
| control field | 20190323124403.0 |
| 010 ## - LCCN (DPL NO) | |
| LC control number | A-759834 |
| 020 ## - INTERNATIONAL STANDARD BOOK NUMBER | |
| Terms of availability | 165.00 |
| 035 ## - SYSTEM CONTROL NUMBER | |
| System control number | A-759834 |
| 100 ## - MAIN ENTRY--PERSONAL NAME | |
| Personal name | Iyer,tskv |
| 245 ## - TITLE STATEMENT | |
| Title | Circuit Analysis:Theory and problems in / |
| Statement of responsibility, etc | TSKV,Iyer |
| 260 ## - PUBLICATION, DISTRIBUTION, ETC. (IMPRINT) | |
| Place of publication, distribution, etc | New Delhi |
| Name of publisher, distributor, etc | Tata McGraw-hill Publishing Company Limited |
| 270 ## - ADDRESS | |
| Address | 4835/24, ansari Road, Daryaganj |
| City | Delhi |
| Postal code | 110002 |
| 300 ## - PHYSICAL DESCRIPTION | |
| Extent | 672p. |
| Other physical details | ill |
| Dimensions | 23cm.(Hb.) |
| 490 ## - SERIES STATEMENT | |
| Series statement | TMH Outline Series |
| 942 ## - ADDED ENTRY ELEMENTS (KOHA) | |
| Source of classification or shelving scheme | Dewey Decimal Classification |
| Item type | English Books |
| Classification part | 621.3192 |
| Call number suffix | IYE |
| Withdrawn status | Lost status | Not for loan | Collection code | Home library | Current library | Date acquired | Cost, normal purchase price | Full call number | Barcode | Cost, replacement price | Koha item type |
|---|---|---|---|---|---|---|---|---|---|---|---|
| Non-fiction | Central Library | Central Library | 23/03/2019 | 165.00 | 621.3192 IYE | A-759834 | 165.00 | English Books |
